000 00806nam a22002175i 4500
001 175996
003 ES-MaACL
005 20230906215948.0
008 101209s2007 sp |||| | spa d
080 _a725.51(460.27 M.)"19"
080 _a617(460.27 M.)"19"
100 1 _aVázquez González-Quevedo, Francisco.
_9144213
245 1 0 _aHospitales y cirujanos
_b: Madrid 1940 = Hospitals and surgeons : Madrid 1940 /
_cFrancisco de Vázquez de Quevedo.
260 _aMadrid :
_b[s.n.],
_c2007.
300 _aP. 719-740 ;
_c24 cm.
595 _aSeparata de: Anales de la Real Academia Nacional de Medicina, Tomo CXXIV, Cuaderno Cuarto.
650 _aHospitales-
_zMadrid.
_913482
650 4 _aCirujanos-
_zMadrid-
_yS.XX.
_9144214
740 0 2 _aHospitals and surgeons.
852 _aES-MaACL
_j2272-F-13
999 _c175996
_d175996